Instituciones de derecho del trabajo
Guardat en:
| Autor principal: | |
|---|---|
| Format: | Llibre |
| Idioma: | espanyol |
| Publicat: |
Buenos Aires
Depalma
1968
|
| Edició: | 2a. ed |
| Matèries: | |
| Etiquetes: |
Afegir etiqueta
Sense etiquetes, Sigues el primer a etiquetar aquest registre!
|
MARC
| LEADER | 00000nam a2200000 a 4500 | ||
|---|---|---|---|
| 001 | UCY6748 | ||
| 003 | CL-VaPUC | ||
| 008 | 950602e19680000AG |||||||||||||||||spa|d | ||
| 082 | 0 | 4 | |a 344.01 |b KRO |2 21 |
| 100 | |a Krotoschin, Ernesto |e author |9 336809 | ||
| 245 | 1 | 0 | |a Instituciones de derecho del trabajo |
| 250 | |a 2a. ed | ||
| 300 | |a 767 p | ||
| 942 | |c BK | ||
| 945 | |d 19950602 00:00:00 |a aalvarez | ||
| 260 | |a Buenos Aires |b Depalma |c 1968 | ||
| 650 | 7 | |a DERECHO LABORAL |2 CL-VaPUC |9 15 | |
| 650 | 0 | |a Trabajo |9 313876 | |
| 650 | 7 | |a CONTRATO DE TRABAJO |2 CL-VaPUC |9 336806 | |
| 583 | |a last modification |c 20170711 04:19:49 |k Rodrigo Vera | ||
| 999 | |c 234268 |d 234266 | ||
| 952 | |0 0 |1 0 |4 0 |6 344_010000000000000_KRO_1968 |7 0 |8 A |9 240357 |a BIBDER |b BIBDER |d 2019-11-18 |i 2001586 |o 344.01 KRO 1968 |p 2001586 |r 2023-01-25 |w 2019-11-18 |y BK |k DER | ||